<?xml version="1.0" encoding="UTF-8"?>
<collection xmlns="http://www.loc.gov/MARC21/slim">
  <record>
    <leader>00000nam  2200000   4500</leader>
    <datafield tag="247" ind1="#" ind2="#">
      <subfield code="a"/>
    </datafield>
    <datafield tag="856" ind1="#" ind2="#">
      <subfield code="a"/>
    </datafield>
    <datafield tag="700" ind1=" " ind2="#">
      <subfield code="a"/>
    </datafield>
    <datafield tag="650" ind1=" " ind2="#">
      <subfield code="a">Otonomi Daerah</subfield>
    </datafield>
    <datafield tag="520" ind1=" " ind2="#">
      <subfield code="a">Desentralisasi, demokratisasi, dan akuntabilitas pemerintahan daerah merupakan tiga kata kunci yang penting dalam implementasi otonomi daerah. Ketiganya memiliki hubungan yang tidak saling terpisahkan. Akuntabilitas atau pertanggungjawaban di dalam konteks politik merupakan suatu konsep yang melekat di dalam teori dan praktek demokrasi.&#13;
&#13;
Buku ini mengulas permasalahan di atas dari pengalaman empirik maupun teoretik. Pengalaman empirik dibahas oleh sejumlah narasumber yang terlibat secara langsung dalam praktek otonomi daerah. Sementara pandangan teoretik dikaji  oleh sejumlah ilmuwan politik.</subfield>
    </datafield>
    <datafield tag="321" ind1="#" ind2="#">
      <subfield code="a"/>
    </datafield>
    <datafield tag="310" ind1="#" ind2="#">
      <subfield code="a"/>
    </datafield>
    <datafield tag="300" ind1="#" ind2="#">
      <subfield code="a">xviii, 416 halaman</subfield>
      <subfield code="b">ilus</subfield>
      <subfield code="c">21 cm</subfield>
      <subfield code="e"/>
    </datafield>
    <datafield tag="260" ind1="#" ind2="#">
      <subfield code="a">Jakarta</subfield>
      <subfield code="b">LIPI</subfield>
      <subfield code="c">2005</subfield>
    </datafield>
    <controlfield tag="001">$a INLIS000000000020952</controlfield>
    <datafield tag="245" ind1="#" ind2="#">
      <subfield code="a">Desentralisasi &amp; Otonomi Daerah</subfield>
      <subfield code="b">Desentralisasi, Demokratisasi &amp; Akuntabilitas Pemerintahan Daerah</subfield>
      <subfield code="c"/>
    </datafield>
    <datafield tag="100" ind1=" " ind2="#">
      <subfield code="a"/>
    </datafield>
    <datafield tag="084" ind1="#" ind2="#">
      <subfield code="a">352  DES</subfield>
    </datafield>
    <datafield tag="082" ind1="#" ind2="#">
      <subfield code="a">352</subfield>
    </datafield>
    <datafield tag="035" ind1="#" ind2="#">
      <subfield code="a">0010-0626000046</subfield>
    </datafield>
    <datafield tag="020" ind1="#" ind2="#">
      <subfield code="a">979 98014 1 9</subfield>
    </datafield>
    <controlfield tag="008">$a 260630################g##########0#ind##</controlfield>
    <controlfield tag="005">$a 20260630145640</controlfield>
  </record>
</collection>
